Prof. ThDr. Jozef Krajči, PhD.: Historické reflexie konfesijných vzťahov

Bibliographic Details
Main Author: Chovanec, Jaroslav, 1935- (Author)
Format: Article
Language:Slovak
ISSN:1210-2210
Subjects:

MARC

LEADER 00000nab a2200000 a 4500
001 vtls009183680
003 SK-MaSNL
005 20260426105356.0
008 250506c2007 xo er|p|||||||000 b|slo
015 |a SNBRB2008/02  |2 snkbucl 
035 |a (uuid)e35574d1-0dc5-48a2-8706-22a54bf5b020 
035 |a urn:nbn:sk:snk-abc34l 
035 |a (urnnbn)urn:nbn:sk:snk:ar-003r71 
038 |a SNKBUCL 
040 |a SNKBUCL  |b slo  |c SNKBUCL  |e AACR2 
041 0 |a slo 
044 |a xo  |c SK 
080 |a 2-67  |x (048)  |2 2001 
080 |a 322:2  |x (048)  |2 2001 
100 1 |a Chovanec, Jaroslav,  |d 1935-  |4 aut  |9 85200 
245 1 0 |a Prof. ThDr. Jozef Krajči, PhD.: Historické reflexie konfesijných vzťahov  |c Jaroslav Chovanec 
650 0 7 |a štát a cirkev  |2 snkbucl  |9 4233 
650 0 7 |a cirkev  |2 snkbucl  |9 1922 
651 7 |a Slovensko  |2 snkbucl  |9 14231 
655 7 |a recenzie  |2 snkbucl  |9 21907 
773 0 |t Dotyky  |g Roč. XIX, č. 2 (2007), s. 105-106  |x 1210-2210 
787 0 8 |i Rec.:  |a Krajči, Jozef  |t Historické reflexie konfesijných vzťahov  |d Banská Bystrica : Univerzita Mateja Bela, 2006 
850 |a Slovenská národná knižnica 
852 |a Slovenská národná knižnica 
958 |a article15 
958 |a OND 
958 |a SK 
958 |a RC 
958 |a EUIPO 
999 |c 3350004  |d 3351934